Welcome to the Holygrace Academy Library

Please use search bar below to get started

THE SLEEPING GIANT OF GOLL (Record no. 6077)

MARC details
000 -LEADER
fixed length control field 00593nam a22001457a 4500
020 ## - INTERNATIONAL STANDARD BOOK NUMBER
ISBN 0-590-10844-1
082 ## - DEWEY DECIMAL CLASSIFICATION NUMBER
Classification number 823
Item number ABB/S
100 ## - MAIN ENTRY--AUTHOR NAME
Personal name ABBOT, TONY
245 ## - TITLE STATEMENT
Title THE SLEEPING GIANT OF GOLL
260 ## - PUBLICATION, DISTRIBUTION, ETC. (IMPRINT)
Place of publication NEW YORK
Name of publisher SCHOLASTIC
Year of publication 2000
300 ## - PHYSICAL DESCRIPTION
Number of Pages 91
520 ## - SUMMARY, ETC.
Summary, etc Lord Sparr has found a new weapon to use against Droon. He's woken up a mean-old giant that will now obey his every command! It's a good thing Eric, Julie and Neal are around to help their friends try to stop Lord Sparr. It's a giant job, but somebody's got to do it!
650 ## - SUBJECT ADDED ENTRY--TOPICAL TERM
Topical Term ADVENTURE STORY
Geographic subdivision UNITED STATES
942 ## - ADDED ENTRY ELEMENTS (KOHA)
Koha item type Books
Holdings
Withdrawn status Lost status Collection code Home library Current library Shelving location Date acquired Source of acquisition Full call number Accession Number Koha item type
    Fiction Main Library Main Library SHELF 15 H-HARRY POTTER(CHARACTERISATION),WIMPY KID,DORK DIARIES 12/05/2009 purchase 823 ABB/S 03676 Books